| 000 | 00468nam a2200193Ia 4500 | ||
|---|---|---|---|
| 008 | 170918s9999 xx 000 0 und d | ||
| 020 | _a590479407 | ||
| 050 | _bH681 1989 | ||
| 100 | _aHoban, Julia | ||
| 245 | _aAmy loves the show / | ||
| 245 | _cJulia Hoban ; pictures by Lillian Hoban. | ||
| 260 | _aNew York : | ||
| 260 | _bScholastic, | ||
| 260 | _c1989 | ||
| 300 | _aunpaged : | ||
| 300 | _bcolored illustration ; | ||
| 300 | _c15cm. | ||
| 500 | _a390 | ||
| 999 |
_c341204 _d341204 |
||